header

Sage Act! 2011 (Record no. 138788)

MARC details
000 -LEADER
fixed length control field 01173nam a2200301Ia 4500
100 1# - MAIN ENTRY--AUTHOR NAME
Personal name Fredericks, Karen.
245 10 - TITLE STATEMENT
Title Sage Act! 2011
260 ## - PUBLICATION, DISTRIBUTION, ETC. (IMPRINT)
Place of publication Birmingham, UK :
Name of publisher Packt Enterprise Pub.,
Year of publication c2011.
300 ## - PHYSICAL DESCRIPTION
Number of Pages iii, 197 p. :
Other physical details ill.
500 ## - GENERAL NOTE
General note Includes index.
650 #0 - SUBJECT ADDED ENTRY--TOPICAL TERM
Topical Term Time management
700 1# - ADDED ENTRY--PERSONAL NAME
Personal name Laudenslager, Roy.
856 40 - ELECTRONIC LOCATION AND ACCESS
Uniform Resource Identifier http://site.ebrary.com/lib/rucke/Doc?id=10450985

No items available.

© 2026 Rongo University
Contact us: librarian | system librarian | Rongo university